Statistics for Name a valid country #2

Click here to take the quiz!

General Stats

  • This quiz has been taken 461 times
  • The average score is 8 of 9

Answer Stats

HintAnswer% Correct
Part of Scandinavia (Nordic)Denmark | Finland | Sweden | Iceland | Norway
99%
Is A Nordic CountryIceland | Norway | Sweden | Denmark | Finland | Estonia
99%
Borders FinlandRussia | Norway | Sweden
99%
In the top 5 for military rankingUSA | Russia | China | India | Japan
99%
5 smallest countries in EuropeVatican City | Monaco | San Marino | Liechtenstein | Andorra
99%
Borders MalaysiaBrunei | Indonesia | Thailand
96%
Has territory in the AndesChile | Argentina | Peru | Bolivia | Ecuador | Venezuela | Colombia
92%
In BRICSBrazil | Russia | India | China | South Africa
88%
Colonized by the ItaliansLibya | Somalia | Eritrea | Ethiopia
69%

Score Distribution

Percentile by Number Answered

Percent of People with Each Score

Your Score History

You have not taken this quiz